[Event "Riga Tech op-A"]
[Site "Riga"]
[Date "2019.08.06"]
[Round "2"]
[White "Faibisovich, Vadim Z"]
[Black "Zanan, Evgeny"]
[Result "0-1"]
[WhiteElo "2302"]
[BlackElo "2486"]
[PlyCount "114"]
[EventDate "2019.08.05"]
[EventType "swiss"]
[EventRounds "9"]
[EventCountry "LAT"]
[SourceTitle "CBM 191 Extra"]
[Source "ChessBase"]
[SourceDate "2019.09.30"]
[SourceVersion "1"]
[SourceVersionDate "2019.09.30"]
[SourceQuality "1"]

1. e4 c5 2. Nf3 d6 3. d4 cxd4 4. Nxd4 Nf6 5. Nc3 a6 6. g3 e5 7. Nb3 Be7 8. Bg2 0-0 9. 0-0 Be6 10. Re1 Nbd7 11. Nd2 b5 12. Nf1 Rc8 13. Ne3 Nb6 14. Ncd5 Nfxd5 15. exd5 Bd7 16. c3 Bg5 17. Nc2 Bxc1 18. Rxc1 Na4 19. Rb1 a5 20. Ne3 Qb6 21. Qd2 f5 22. f4 Rfe8 23. Kh1 b4 24. fxe5 Rxe5 25. Bf1 Qb7 26. c4 Nc5 27. Ng2 Ne4 28. Qd4 Rce8 29. Bd3 Qc7 30. Rbc1 Nc5 31. Bc2 a4 32. b3 Qa5 33. Rxe5 Rxe5 34. Re1 axb3 35. axb3 Rxe1+ 36. Nxe1 Qa3 37. Qd1 Ne4 38. Bxe4 fxe4 39. Ng2 Qb2 40. Kg1 Qc3 41. Kf2 Qb2+ 42. Kg1 Qc3 43. Kf2 Bh3 44. Ne3 Qf6+ 45. Ke1 Qc3+ 46. Kf2 Qf6+ 47. Ke1 Qb2 48. Qh5 Bd7 49. Qg5 Qb1+ 50. Kf2 Qb2+ 51. Ke1 Qc3+ 52. Ke2 Qd3+ 53. Kf2 Qd2+ 54. Kg1 h6 55. Qf4 Bh3 56. Qf2 Qc1+ 57. Nf1 e3 0-1

[Event "WchT Seniors 65"]
[Site "Rhodes"]
[Date "2019.04.20"]
[Round "5.2"]
[White "Birnboim, Nathan"]
[Black "Faibisovich, Vadim Z"]
[Result "1-0"]
[WhiteElo "2365"]
[BlackElo "2302"]
[PlyCount "89"]
[EventDate "2019.04.16"]
[EventType "team-swiss"]
[EventRounds "9"]
[EventCountry "GRE"]
[SourceTitle "CBM 190 Extra"]
[Source "ChessBase"]
[SourceDate "2019.07.15"]
[SourceVersion "1"]
[SourceVersionDate "2019.07.15"]
[SourceQuality "1"]
[WhiteTeam "Israel"]
[BlackTeam "Saint Petersburg"]
[WhiteTeamCountry "ISR"]
[BlackTeamCountry "RUS"]

1. d4 Nf6 2. c4 e6 3. g3 d5 4. Bg2 Be7 5. Nf3 0-0 6. 0-0 c6 7. Qc2 Nbd7 8. b3 b6 9. Rd1 Bb7 10. Nc3 Rc8 11. e4 dxe4 12. Nxe4 Nxe4 13. Qxe4 Nf6 14. Qc2 Qc7 15. Bf4 Bd6 16. Bxd6 Qxd6 17. c5 Qc7 18. Ne5 Rfd8 19. b4 Nd5 20. Qb2 Ba6 21. Rdc1 f6 22. Nf3 Bd3 23. Nd2 Rb8 24. a3 a5 25. Bxd5 Rxd5 26. Qc3 Bf5 27. cxb6 Qxb6 28. Nc4 Qxd4 29. Qxd4 Rxd4 30. Nxa5 Be4 31. Nxc6 Bxc6 32. Rxc6 e5 33. Rc7 h5 34. h4 Rg4 35. Rac1 Kh7 36. R1c4 e4 37. Re7 f5 38. Re5 Ra8 39. Rc3 Rf8 40. b5 f4 41. Rxh5+ Kg6 42. Rg5+ Rxg5 43. hxg5 Kxg5 44. b6 Rb8 45. Rb3 1-0

[Event "Basel op"]
[Site "Basel"]
[Date "2019.01.06"]
[Round "7"]
[White "Hort, Vlastimil"]
[Black "Faibisovich, Vadim Z"]
[Result "1/2-1/2"]
[WhiteElo "2419"]
[BlackElo "2304"]
[PlyCount "115"]
[EventDate "2019.01.02"]
[EventType "swiss"]
[EventRounds "7"]
[EventCountry "SUI"]
[SourceTitle "CBM 188 Extra"]
[Source "ChessBase"]
[SourceDate "2019.02.28"]
[SourceVersion "1"]
[SourceVersionDate "2019.02.28"]
[SourceQuality "1"]

1. c4 e5 2. Nc3 Nf6 3. Nf3 Nc6 4. e3 Be7 5. a3 0-0 6. Qc2 d6 7. b4 Re8 8. Be2 Bf8 9. d3 g6 10. Bb2 Bg7 11. 0-0 a5 12. b5 Nb8 13. Nd2 Nbd7 14. Bf3 Nc5 15. Nde4 Nfxe4 16. Nxe4 Rb8 17. Rfe1 Bf5 18. Rad1 Bxe4 19. Bxe4 Nxe4 20. dxe4 b6 21. a4 Qe7 22. Rd5 Qe6 23. h3 h5 24. Kh2 h4 25. Bc3 f6 26. f4 g5 27. Qf2 Rf8 28. Qf3 Rbe8 29. Bd2 Re7 30. g3 hxg3+ 31. Qxg3 Bh6 32. Kg2 Rg7 33. f5 Qe8 34. Qg4 Rff7 35. Rd1 Rh7 36. Be1 Bf8 37. Bg3 Rfg7 38. Rh1 Qh5 39. Kf3 Qxg4+ 40. Kxg4 Be7 41. Rb1 Kf8 42. Rd2 Ke8 43. Rh2 Kf7 44. Rbh1 Kg8 45. Be1 Bf8 46. Rg2 Kf7 47. Kf3 Rh5 48. Ke2 Rgh7 49. Rgh2 R5h6 50. Kd3 Be7 51. Bg3 Bf8 52. Ke2 Be7 53. Kf3 Bf8 54. Kg4 Be7 55. Rd1 Ke8 56. Rdd2 Bf8 57. Rdg2 Kf7 58. Be1 1/2-1/2

[Event "Riga Tech op 8th"]
[Site "Riga"]
[Date "2018.08.08"]
[Round "4"]
[White "Kulaots, Kaido"]
[Black "Faibisovich, Vadim Z"]
[Result "1-0"]
[WhiteElo "2554"]
[BlackElo "2310"]
[PlyCount "192"]
[EventDate "2018.08.06"]
[EventType "swiss"]
[EventRounds "9"]
[EventCountry "LAT"]
[SourceTitle "CBM 185 Extra"]
[Source "ChessBase"]
[SourceDate "2018.07.29"]
[SourceVersion "1"]
[SourceVersionDate "2018.07.29"]
[SourceQuality "1"]

1. c4 e5 2. Nc3 Nf6 3. Nf3 Nc6 4. e3 d5 5. cxd5 Nxd5 6. Bb5 Nxc3 7. bxc3 Bd6 8. d4 exd4 9. cxd4 0-0 10. 0-0 Bg4 11. h3 Bh5 12. Rb1 Qf6 13. Be2 b6 14. Bb2 Bg6 15. Rc1 Ne7 16. Nd2 Qe6 17. e4 Bxe4 18. Nxe4 Qxe4 19. Bf3 Qe6 20. Bxa8 Qxa2 21. Ra1 Qxb2 22. Be4 Qb5 23. Rxa7 Qg5 24. Qd3 h5 25. Rfa1 g6 26. Qf3 h4 27. Qe3 Qf4 28. Qxf4 Bxf4 29. Kf1 Kg7 30. Ke2 f5 31. Bf3 Kf6 32. Ra8 Rxa8 33. Rxa8 g5 34. Rf8+ Kg7 35. Re8 Bd6 36. Rb8 Ng6 37. Kd3 Nf4+ 38. Kc4 g4 39. hxg4 fxg4 40. Bxg4 Nxg2 41. Re8 Nf4 42. Re3 Kf6 43. Bd7 Kg5 44. Kb5 Nd5 45. Rf3 Nf4 46. Kc6 Kf6 47. Kb5 Ke7 48. Bg4 Kf6 49. Kc4 Kg5 50. Bd7 Kf6 51. Re3 Kg5 52. Re8 Kg6 53. Rg8+ Kf6 54. Rg4 Nh3 55. f3 Ng5 56. f4 Ne6 57. Rxh4 Nxf4 58. Rh6+ Kg5 59. Rh1 Kf6 60. Re1 Kg5 61. d5 Kf6 62. Kd4 Ng6 63. Re6+ Kg7 64. Be8 Ne7 65. Ke4 Kf8 66. Bb5 Kg7 67. Bc4 Kf7 68. Be2 Kg7 69. Kd4 Nf5+ 70. Kc4 b5+ 71. Kd3 b4 72. Kc4 Ne7 73. Bd3 Kf7 74. Re1 Kf6 75. Be2 Ke5 76. Bg4+ Kf6 77. Kd4 Ng6 78. Ke4 Ne7 79. Rf1+ Kg7 80. Bd7 Kg6 81. Rg1+ Kf6 82. Be8 Nc8 83. Rg6+ Ke7 84. Rg8 Kf6 85. Bd7 Ne7 86. Rg2 Kf7 87. Bg4 Kf6 88. Bh5 Bc5 89. Rg3 Bd6 90. Rg1 Bc5 91. Rf1+ Kg5 92. Be8 Bd6 93. Rf2 Bc5 94. Rf3 Bd6 95. Rf1 Nc8 96. Rf5+ Kh6 1-0

[Event "WchT Seniors 65"]
[Site "Dresden"]
[Date "2018.07.15"]
[Round "9.1"]
[White "Faibisovich, Vadim Z"]
[Black "Bellin, Robert"]
[Result "1/2-1/2"]
[WhiteElo "2312"]
[BlackElo "2333"]
[PlyCount "40"]
[EventDate "2018.07.07"]
[EventType "team-swiss"]
[EventRounds "9"]
[EventCountry "GER"]
[SourceTitle "CBM 185 Extra"]
[Source "ChessBase"]
[SourceDate "2018.07.29"]
[SourceVersion "1"]
[SourceVersionDate "2018.07.29"]
[SourceQuality "1"]
[WhiteTeam "St Petersburg"]
[BlackTeam "England"]
[WhiteTeamCountry "RUS"]
[BlackTeamCountry "ENG"]

1. e4 e5 2. Nf3 Nc6 3. Nc3 a6 4. d4 exd4 5. Nxd4 Qf6 6. Nxc6 dxc6 7. Qf3 Qxf3 8. gxf3 Bd7 9. Be3 Nf6 10. 0-0-0 Be7 11. Rg1 g6 12. Be2 0-0-0 13. f4 Be6 14. Bf3 Rxd1+ 15. Kxd1 Rd8+ 16. Kc1 h5 17. Rd1 Ng4 18. Rxd8+ Kxd8 19. Bxg4 Bxg4 20. Kd2 Bb4 1/2-1/2

[Event "RUS-chT Seniors"]
[Site "Sochi"]
[Date "2018.05.10"]
[Round "10.1"]
[White "Zhelnin, Vladimir V"]
[Black "Faibisovich, Vadim Z"]
[Result "1-0"]
[WhiteElo "2452"]
[BlackElo "2320"]
[PlyCount "147"]
[EventDate "2018.05.01"]
[EventType "team-tourn"]
[EventRounds "10"]
[EventCountry "RUS"]
[SourceTitle "EXT 2019"]
[Source "ChessBase"]
[SourceDate "2018.10.10"]
[SourceVersion "1"]
[SourceVersionDate "2018.10.10"]
[SourceQuality "1"]
[WhiteTeam "Moscow ShSM"]
[BlackTeam "St Petersburg Bronze Horseman"]
[WhiteTeamCountry "RUS"]
[BlackTeamCountry "RUS"]

1. e4 e5 2. Nf3 Nc6 3. Bc4 Nf6 4. d3 Be7 5. 0-0 0-0 6. Re1 d6 7. c3 Na5 8. Bb5 a6 9. Ba4 b5 10. Bc2 c5 11. Nbd2 Nc6 12. Nf1 Re8 13. Ng3 g6 14. h3 Bf8 15. a4 Bb7 16. Nh2 Bg7 17. Be3 b4 18. Qd2 Rb8 19. Bg5 Qb6 20. Rab1 Bc8 21. Bxf6 Bxf6 22. Ng4 Bxg4 23. hxg4 Qd8 24. Bb3 Bg5 25. Qc2 a5 26. Bc4 Re7 27. Nf1 Qc8 28. Nh2 Kg7 29. g3 h5 30. gxh5 Qh3 31. Bd5 Na7 32. hxg6 Rh8 33. f3 Qxg3+ 34. Qg2 Qxg2+ 35. Kxg2 fxg6 36. Rh1 Rb8 37. Ng4 Ree8 38. Kf2 Rh8 39. Rxh8 Kxh8 40. cxb4 Rxb4 41. b3 Rb8 42. Rg1 Kg7 43. Ke2 Bf4 44. Rh1 Nc8 45. Bc4 Ne7 46. Bb5 Rh8 47. Rxh8 Kxh8 48. Nf6 Nc8 49. Nd5 Bg5 50. Bd7 Ne7 51. Nb6 Ng8 52. Nc4 Bd8 53. Nxd6 Kg7 54. Kd2 Kf8 55. Bb5 Nh6 56. Nb7 Bb6 57. Kc3 Nf7 58. Kc4 Ke7 59. Kd5 Ng5 60. Nd6 Bc7 61. Nc4 Nxf3 62. Kxc5 g5 63. Kc6 Bd8 64. Kd5 Bc7 65. Ba6 g4 66. Ne3 Nh2 67. Bc8 g3 68. Kc6 Kd8 69. Bh3 Nf3 70. Nf5 Nd4+ 71. Nxd4 exd4 72. Kc5 Be5 73. Kd5 Bg7 74. e5 1-0

[Event "RUS-chT Seniors"]
[Site "Sochi"]
[Date "2018.05.01"]
[Round "1.1"]
[White "Gubernatorov, Sergey"]
[Black "Faibisovich, Vadim Z"]
[Result "1/2-1/2"]
[WhiteElo "2220"]
[BlackElo "2320"]
[PlyCount "66"]
[EventDate "2018.05.01"]
[EventType "team-tourn"]
[EventRounds "10"]
[EventCountry "RUS"]
[SourceTitle "EXT 2019"]
[Source "ChessBase"]
[SourceDate "2018.10.10"]
[SourceVersion "1"]
[SourceVersionDate "2018.10.10"]
[SourceQuality "1"]
[WhiteTeam "Sochi Center"]
[BlackTeam "St Petersburg Bronze Horseman"]
[WhiteTeamCountry "RUS"]
[BlackTeamCountry "RUS"]

1. d4 Nf6 2. Nf3 e6 3. g3 d5 4. Bg2 Be7 5. c4 0-0 6. 0-0 Nbd7 7. Nc3 c6 8. Qd3 b6 9. e4 Ba6 10. b3 Rc8 11. Bb2 Ne8 12. a4 dxc4 13. bxc4 Nd6 14. Nd2 e5 15. Nd1 exd4 16. Qxd4 f6 17. Ne3 Ne5 18. a5 Ndxc4 19. Ndxc4 Nxc4 20. Nxc4 Qxd4 21. Bxd4 Bxc4 22. Rfc1 Be6 23. axb6 axb6 24. Bxb6 c5 25. Ra7 Rf7 26. f4 Bf8 27. Bf1 Rxa7 28. Bxa7 c4 29. Bd4 Rd8 30. Be3 Rc8 31. Bd4 Rd8 32. Be3 Rc8 33. Bd4 Rd8 1/2-1/2

[Event "Basel op"]
[Site "Basel"]
[Date "2018.01.05"]
[Round "5"]
[White "Faibisovich, Vadim Z"]
[Black "Karthik, Venkataraman"]
[Result "1-0"]
[WhiteElo "2325"]
[BlackElo "2476"]
[PlyCount "71"]
[EventDate "2018.01.02"]
[EventType "swiss"]
[EventRounds "9"]
[EventCountry "SUI"]
[SourceTitle "CBM 182 Extra"]
[Source "ChessBase"]
[SourceDate "2018.02.23"]
[SourceVersion "1"]
[SourceVersionDate "2018.02.23"]
[SourceQuality "1"]

1. d4 Nf6 2. Nf3 d5 3. g3 e6 4. Bg2 b5 5. 0-0 Bb7 6. c3 Nbd7 7. Bg5 Bd6 8. Nbd2 0-0 9. Re1 h6 10. Bxf6 Nxf6 11. Ne5 c5 12. f4 a5 13. e3 Qe7 14. Nb3 cxd4 15. exd4 b4 16. Nd2 bxc3 17. bxc3 Rfc8 18. Rc1 a4 19. Qf3 Rc7 20. f5 Rac8 21. fxe6 fxe6 22. Bh3 Ne4 23. Nxe4 dxe4 24. Qg4 Bd5 25. Rxe4 Rxc3 26. Rce1 Rc1 27. Nd3 Rxe1+ 28. Rxe1 Rc2 29. Nf4 Qf6 30. Qd1 Rxa2 31. Bxe6+ Bxe6 32. Rxe6 Qd8 33. Qb1 Rd2 34. Qe1 Rxd4 35. Re8+ Bf8 36. Qe6+ 1-0

[Event "RUS-chT Seniors"]
[Site "Sochi"]
[Date "2017.05.09"]
[Round "9.1"]
[White "Akhmadeev, Valery Rimovich"]
[Black "Faibisovich, Vadim Z"]
[Result "1/2-1/2"]
[WhiteElo "2079"]
[BlackElo "2320"]
[PlyCount "37"]
[EventDate "2017.05.01"]
[EventType "team-tourn"]
[EventRounds "10"]
[EventCountry "RUS"]
[SourceTitle "CBM 178 Extra"]
[Source "ChessBase"]
[SourceDate "2017.06.22"]
[SourceVersion "1"]
[SourceVersionDate "2017.06.22"]
[SourceQuality "1"]

1. d4 Nf6 2. c4 e6 3. Nc3 d5 4. Nf3 Be7 5. Bf4 0-0 6. e3 Nbd7 7. cxd5 Nxd5 8. Nxd5 exd5 9. Bd3 Nf6 10. Qc2 c6 11. 0-0 h6 12. h3 Be6 13. Ne5 Nd7 14. Nf3 Nf6 15. Ne5 Nd7 16. Nf3 Nf6 17. Ne5 Nd7 18. Nf3 Nf6 19. Ne5 1/2-1/2

[Event "RUS-chT Seniors"]
[Site "Sochi"]
[Date "2017.05.05"]
[Round "5.2"]
[White "Sveshnikov, Evgeny"]
[Black "Faibisovich, Vadim Z"]
[Result "1/2-1/2"]
[WhiteElo "2503"]
[BlackElo "2320"]
[PlyCount "81"]
[EventDate "2017.05.01"]
[EventType "team-tourn"]
[EventRounds "10"]
[EventCountry "RUS"]
[SourceTitle "CBM 178 Extra"]
[Source "ChessBase"]
[SourceDate "2017.06.22"]
[SourceVersion "1"]
[SourceVersionDate "2017.06.22"]
[SourceQuality "1"]

1. e4 c5 2. Nf3 Nc6 3. Bb5 g6 4. 0-0 Bg7 5. c3 a6 6. Bxc6 bxc6 7. d4 cxd4 8. cxd4 Nf6 9. Nc3 0-0 10. h3 d6 11. Bf4 Bb7 12. Qd2 c5 13. d5 Re8 14. Bh6 Bh8 15. Ng5 Bg7 16. Bxg7 Kxg7 17. Rad1 h6 18. Nf3 e5 19. dxe6 Rxe6 20. e5 Ne8 21. Nh2 Rxe5 22. Ng4 Rh5 23. Ne2 Qh4 24. Ng3 Rd5 25. Qc3+ Kg8 26. Ne4 Rxd1 27. Nef6+ Nxf6 28. Nxf6+ Kg7 29. Nh5+ Kf8 30. Qg7+ Ke7 31. Rxd1 Qxh5 32. Re1+ Kd7 33. Qxf7+ Kc6 34. Re6 Kb6 35. Rxd6+ Ka7 36. Rxg6 Qd1+ 37. Kh2 Qd4 38. Qc7 Rb8 39. f3 h5 40. b3 h4 41. Rg4 1/2-1/2

[Event "Basel op"]
[Site "Basel"]
[Date "2017.01.05"]
[Round "5"]
[White "Faibisovich, Vadim Z"]
[Black "Curien, Nicolas"]
[Result "1-0"]
[WhiteElo "2320"]
[BlackElo "2175"]
[PlyCount "95"]
[EventDate "2017.01.02"]
[EventType "swiss"]
[EventRounds "9"]
[EventCountry "SUI"]
[SourceTitle "CBM 176 Extra"]
[Source "ChessBase"]
[SourceDate "2017.03.02"]
[SourceVersion "1"]
[SourceVersionDate "2017.03.02"]
[SourceQuality "1"]

1. d4 e6 2. Nf3 d5 3. e3 Nf6 4. c4 c5 5. Nc3 Nc6 6. a3 cxd4 7. exd4 Be7 8. Bd3 0-0 9. 0-0 b6 10. cxd5 exd5 11. h3 Bb7 12. Bf4 Na5 13. Re1 Nc4 14. Qe2 Re8 15. Bxc4 dxc4 16. Qxc4 Bxf3 17. gxf3 Qd7 18. Kg2 Rac8 19. Qd3 Rc5 20. Re5 Nh5 21. Qe3 Rxe5 22. dxe5 Bc5 23. Qe4 Qd4 24. Qxd4 Bxd4 25. Bh2 g5 26. Re1 Kg7 27. Re4 Bxc3 28. bxc3 Nf4+ 29. Bxf4 gxf4 30. Rxf4 Rxe5 31. Ra4 Re7 32. Rc4 f6 33. f4 Kg6 34. Kf3 Kf5 35. a4 h6 36. a5 bxa5 37. Rc5+ Kg6 38. Rxa5 Rc7 39. Kg4 Rd7 40. h4 Rc7 41. h5+ Kf7 42. Kf5 Rb7 43. c4 Rc7 44. c5 Rd7 45. Ke4 Ke7 46. c6 Rd6 47. Rxa7+ Ke8 48. Ra8+ 1-0

[Event "WchT Seniors 65"]
[Site "Radebeul"]
[Date "2016.07.02"]
[Round "7.2"]
[White "Stebbings, Anthony"]
[Black "Faibisovich, Vadim Z"]
[Result "1/2-1/2"]
[WhiteElo "2292"]
[BlackElo "2348"]
[PlyCount "67"]
[EventDate "2016.06.26"]
[EventType "team-swiss"]
[EventRounds "9"]
[EventCountry "GER"]
[SourceTitle "CBM 173 Extra"]
[Source "ChessBase"]
[SourceDate "2016.08.29"]
[SourceVersion "1"]
[SourceVersionDate "2016.08.29"]
[SourceQuality "1"]
[WhiteTeam "England"]
[BlackTeam "St Petersburg"]
[WhiteTeamCountry "ENG"]
[BlackTeamCountry "RUS"]

1. d4 Nf6 2. c4 e6 3. Nc3 d5 4. Bg5 Be7 5. e3 0-0 6. Nf3 h6 7. Bh4 b6 8. Be2 Nbd7 9. cxd5 Nxd5 10. Bxe7 Nxe7 11. 0-0 Bb7 12. Qa4 Nf6 13. Ne5 Ned5 14. Rac1 Nxc3 15. Rxc3 Qe7 16. Rfc1 Rfc8 17. Ba6 c5 18. Nd3 Bxa6 19. Qxa6 Ne4 20. R3c2 Rd8 21. f3 Nd6 22. dxc5 bxc5 23. Nxc5 Nf5 24. Qe2 a5 25. b3 Rac8 26. Ne4 Rxc2 27. Rxc2 Qa7 28. Kf2 a4 29. b4 Qb8 30. h3 Qxb4 31. Qc4 Qa3 32. Nc3 Qd6 33. Ne4 Qa3 34. Nc3 1/2-1/2

[Event "WchT Seniors 65"]
[Site "Radebeul"]
[Date "2016.06.29"]
[Round "4.1"]
[White "Faibisovich, Vadim Z"]
[Black "Sveshnikov, Evgeny"]
[Result "1/2-1/2"]
[WhiteElo "2348"]
[BlackElo "2509"]
[PlyCount "26"]
[EventDate "2016.06.26"]
[EventType "team-swiss"]
[EventRounds "9"]
[EventCountry "GER"]
[SourceTitle "CBM 173 Extra"]
[Source "ChessBase"]
[SourceDate "2016.08.29"]
[SourceVersion "1"]
[SourceVersionDate "2016.08.29"]
[SourceQuality "1"]
[WhiteTeam "St Petersburg"]
[BlackTeam "Russia 65+"]
[WhiteTeamCountry "RUS"]
[BlackTeamCountry "RUS"]

1. e4 c5 2. Nf3 Nc6 3. Bb5 e6 4. 0-0 Nge7 5. c3 a6 6. Be2 d5 7. exd5 Nxd5 8. d4 Nf6 9. Be3 cxd4 10. Nxd4 Bd7 11. c4 Nxd4 12. Qxd4 Bc6 13. Nc3 Qxd4 1/2-1/2

[Event "RUS-chT Seniors final"]
[Site "Sochi"]
[Date "2016.05.07"]
[Round "6.3"]
[White "Faibisovich, Vadim Z"]
[Black "Pozin, Sergey"]
[Result "1/2-1/2"]
[WhiteElo "2352"]
[BlackElo "2332"]
[PlyCount "116"]
[EventDate "2016.05.01"]
[EventType "team-tourn"]
[EventRounds "9"]
[EventCountry "RUS"]
[SourceTitle "EXT 2018"]
[Source "ChessBase"]
[SourceDate "2017.10.13"]
[SourceVersion "1"]
[SourceVersionDate "2017.10.13"]
[SourceQuality "1"]
[WhiteTeam "St Petersburg Bronze Horseman"]
[BlackTeam "Khanty Mansiysk Yugra"]
[WhiteTeamCountry "RUS"]
[BlackTeamCountry "RUS"]

1. d4 Nf6 2. Nf3 e6 3. g3 b6 4. Bg2 Bb7 5. 0-0 Be7 6. c4 0-0 7. Nc3 Ne4 8. Bd2 f5 9. Ne1 Bf6 10. Nxe4 fxe4 11. Bc3 d5 12. Bh3 Re8 13. cxd5 exd5 14. Nc2 Kh8 15. f4 c5 16. e3 Nc6 17. Qd2 Ba6 18. Rfe1 Bd3 19. Rad1 a5 20. Bf1 c4 21. a4 Qd7 22. Ra1 Be7 23. Bg2 Reb8 24. Na3 Na7 25. Nc2 Nc8 26. Rec1 b5 27. axb5 a4 28. Na3 Nd6 29. Ra2 Nxb5 30. Nxb5 Qxb5 31. Rca1 Ra6 32. Bh3 Rba8 33. Bg4 g6 34. Bd1 Kg7 35. Kg2 a3 36. bxa3 Bxa3 37. Qe1 Be7 38. Rxa6 Rxa6 39. Rxa6 Qxa6 40. Qd2 Qa3 41. h4 Bb1 42. Kh3 Ba2 43. Kg2 Bb3 44. Bg4 Kf6 45. h5 Ba4 46. hxg6 hxg6 47. Bc8 Qb3 48. g4 Qb1 49. g5+ Kf7 50. Bg4 Qd3 51. Be2 Qb1 52. Bg4 Ba3 53. f5 Qc2 54. fxg6+ Kxg6 55. Qxc2 Bxc2 56. Be6 Be7 57. Bxd5 Bxg5 58. Bxc4 Bxe3 1/2-1/2

[Event "RUS-chT Seniors final"]
[Site "Sochi"]
[Date "2015.05.01"]
[Round "1.2"]
[White "Faibisovich, Vadim Z"]
[Black "Kaliberda, Vladimir"]
[Result "1-0"]
[WhiteElo "2342"]
[BlackElo "2280"]
[PlyCount "33"]
[EventDate "2015.05.01"]
[EventType "team-tourn"]
[EventRounds "5"]
[EventCountry "RUS"]
[SourceTitle "EXT 2018"]
[Source "ChessBase"]
[SourceDate "2017.10.13"]
[SourceVersion "1"]
[SourceVersionDate "2017.10.13"]
[SourceQuality "1"]

1. e4 c5 2. Nf3 e6 3. d4 cxd4 4. Nxd4 Nc6 5. Nc3 Qc7 6. g3 a6 7. Bg2 d6 8. 0-0 Bd7 9. b3 Be7 10. Bb2 Nxd4 11. Qxd4 Bf6 12. Qe3 Rc8 13. Nd1 b5 14. Rc1 Bxb2 15. Nxb2 Qc3 16. Nc4 Qxe3 17. Nxd6+ 1-0